000 01545nam0a2200373 4500
001 RU\NLR\BIBL_A\010827142
005 20260407063614.0
010 _a978-5-389-09893-0
_93000
021 _aRU
_b2015-54428
_93213
021 _aRU
_b2016-5990
_9379
035 _a(NILC)RuMoRGB-007982680
035 _a(NLR Aleph) 010827142
090 _a10269636
_c10269636
100 _a20150831d2015 |||y0rusy50 ca
101 1 _arus
_ceng
102 _aRU
105 _ay|||z|||000yy
200 1 _aЗов Ктулху
_e[повести]
_fГовард Филлипс Лавкрафт
_g[пер. с англ. О. Алякринского и др.]
210 _aСанкт-Петербург [и др.]
_cАзбука [и др.]
_d2015
215 _a282, [2] с.
_d18
225 1 _aАзбука-классика
300 _aРанее кн. изд. под назв. "Хребты Безумия"
327 1 _aСодерж.: Зов Ктулху; Шепчущий из тьмы; Хребты Безумия
333 _a16+
451 0 _12001#$aХребты Безумия
_tХребты Безумия
686 1 _aШ6(7США)67-445{Лх1978-62}
700 1 _7ca
_8rus
_aЛавкрафт
_bГ. Ф.
_f1890-1937
_gГовард Филлипс
_9123422
_3RU\NLR\auth\7713740
801 0 _aRU
_bРГБ
_c20150723
_gRCR
801 2 _aRU
_bРГБ
_c20150730
_grcr
942 _cBOOK
980 _aNB